[Event "Mentese Flowers WGM Chess-ch 2022"]
[Site "Mentese-Mugla"]
[Date "2022.02.06"]
[Round "2.1"]
[White "Huseyinoglu, Alihan"]
[Black "Hekimoglu, Mihriban"]
[Result "1-0"]
[WhiteElo "2312"]
[BlackElo "1479"]
[Annotator "TA"]
[PlyCount "91"]
[EventDate "2022.02.06"]
[EventCountry "TUR"]
[SourceTitle "playchess.com"]
[Source "ChessBase"]
[SourceQuality "1"]

{[%evp 13,91,8,6,1,20,8,25,19,22,32,34,27,51,27,41,38,39,40,82,83,84,91,81,66,81,26,59,45,52,61,278,283,312,292,410,188,182,172,170,177,233,190,197,203,325,309,322,313,447,330,344,250,258,250,256,257,1045,1013,1602,1855,1855,1855,1855,1855,1855,1855,1842,1843,1797,1773,1575,1514,1592,1524,1277,833,29958,10594,29966,29940]} 1. c4 e5 2. Nc3 Nf6 3. Nf3 Nc6 4. e4 Bc5 5. Nxe5 Nxe5 6. d4 Bb4 7. dxe5 Nxe4 $1 8. Qf3 $1 {[%mdl 4] is now more promising than 8.Qd4. A28: English Opening: Four Knights Variation.} d5 {[%cal Od5d4]} 9. Be2 c6 (9... d4 $5 {[%cal Rd4c3]} 10. Qxe4 dxc3 $11) 10. O-O {And now cxd5 would win. White has an edge.} Bxc3 11. bxc3 {Strongly threatening cxd5.} O-O $1 12. cxd5 cxd5 {[#]} 13. Rd1 $146 ({Predecessor:} 13. c4 Be6 14. Rd1 Qa5 15. cxd5 Bxd5 16. Qa3 Qxa3 17. Bxa3 Rfd8 18. Rac1 Bc6 19. Rxd8+ Rxd8 {½-½ (31) O'Donnell,C (2307)-Ahlander,B (2418) Dublin 2020}) 13... Qc7 {Inhibits c4.} 14. c4 $1 Qxe5 15. Bf4 Qf6 (15... Qb2 $14 {was preferrable.}) 16. Rac1 $16 (16. cxd5 Nc3 17. Be3 Qxf3 18. Bxf3 Nxd1 19. Rxd1 Bf5 $15) 16... Bf5 17. cxd5 ({But not} 17. Rxd5 Rfe8 $11) 17... Rac8 18. Bd3 $36 {[%mdl 2048] White is more active.} Rxc1 19. Rxc1 ({White should try} 19. Bxc1 $16 Qe5 20. d6) 19... Qd4 {[%cal Oe4f2]} 20. Rc4 $1 Qa1+ 21. Bf1 $1 {This bishop pair is nice.} Re8 {A mistake that costs the game.} (21... Nf6 $1 $14) 22. g4 $18 Bg6 {[#]} 23. d6 $1 Nf6 (23... Nxd6 $142 24. Bxd6 h6) 24. Qxb7 (24. Bg5 $142 {aiming for Bxf6.} Kf8 25. Bxf6 Qxf6 26. Qa3) 24... Bd3 {[%csl Gd3][%cal Ra1f1]} 25. Rc1 {Active counter play!} Qd4 26. Qf3 Be4 (26... Bxf1 {was worth a try.} 27. Kxf1 (27. Rxf1 Qa4 $16) 27... h6) 27. Qc3 Qxc3 28. Rxc3 {[%cal Bc1c3,Bc3c7,Bc7a7][%mdl 32] Threatens to win with Bb5.} Bd5 (28... Rd8 $142 29. Ra3 h5) 29. g5 Nd7 30. Rc7 {[%csl LRa7,LRd7]} Nb6 (30... Rd8 $142 31. Rxa7 Nf8) 31. Be3 {Black must now prevent Bxb6.} Rd8 32. Rxa7 Nc8 33. Ra5 Rxd6 34. a4 {[%cal Ba2a4,Ba4a5,Ba5a6,Ba6a7][%mdl 32]} f6 $2 {[#]} (34... h6 35. Rc5 Ne7) 35. Rxd5 $1 {[%mdl 512]} Rxd5 {[%mdl 4096] Endgame KRN-KB} (35... Kf7 36. Rxd6) 36. Bc4 Ne7 37. gxf6 gxf6 38. a5 Kf8 39. Bxd5 Nxd5 {KB-KN} 40. a6 Nc7 41. a7 Ke7 42. Kg2 Ke6 43. Kf3 Kf5 44. Bd4 Kg5 45. Ke4 {Intending Be3+ and mate.} Kg4 46. Bxf6 {Weighted Error Value: White=0.21 (precise) /Black=0.82} 1-0

[Event "Mentese Flowers WGM Chess-ch 2022"]
[Site "Mentese-Mugla"]
[Date "2022.02.06"]
[Round "2.2"]
[White "Darban, Morteza"]
[Black "Ince, Safiye Oyku"]
[Result "1-0"]
[WhiteElo "2263"]
[BlackElo "1893"]
[Annotator "RC"]
[PlyCount "71"]
[EventDate "2022.02.06"]
[EventCountry "TUR"]
[SourceTitle "playchess.com"]
[Source "ChessBase"]
[SourceQuality "1"]
[TimeControl "5400+30"]

1. e4 {[%emt 0:02:00]} c5 {[%emt 0:01:00]} 2. Nf3 {[%emt 0:00:30]} e6 {[%emt 0:00:00]} 3. g3 {[%emt 0:00:00]} Nc6 {[%emt 0:02:00]} 4. Bg2 {[%emt 0:00:00]} d5 {[%emt 0:02:30]} 5. exd5 {[%emt 0:00:30]} exd5 {[%emt 0:00:00]} 6. O-O {[%emt 0:01:30]} Bg4 {[%emt 0:06:00]} 7. h3 {[%emt 0:02:30]} Bxf3 {[%emt 0:00:00]} 8. Qxf3 {[%emt 0:01:30]} Nf6 {[%emt 0:01:00]} 9. Nc3 {[%emt 0:02:30]} d4 {[%emt 0:06:30]} 10. Nb5 {[%emt 0:03:30]} Be7 {[%emt 0:02:30]} 11. d3 {[%emt 0:00:30]} O-O {[%emt 0:01:30]} 12. Na3 {[%emt 0:03:30]} Rc8 {[%emt 0:05:30]} 13. Re1 {[%emt 0:03:30]} Qd7 {[%emt 0:08:30]} 14. Bd2 {[%emt 0:03:30]} Rfe8 {[%emt 0:08:30]} 15. Nc4 {[%emt 0:00:00]} b5 {[%emt 0:04:30]} 16. Ne5 {[%emt 0:02:00]} Nxe5 {[%emt 0:00:30]} 17. Rxe5 {[%emt 0:00:00]} Bf8 {[%emt 0:01:30]} 18. Rxe8 {[%emt 0:04:00]} Nxe8 {[%emt 0:04:30]} 19. a4 {[%emt 0:08:30]} bxa4 {[%emt 0:06:30]} 20. Qb7 {[%emt 0:00:00]} Rc7 {[%emt 0:04:30]} 21. Qa6 {[%emt 0:00:00]} c4 {[%emt 0:06:30]} 22. Qxa4 {[%emt 0:07:30]} Qxa4 {[%emt 0:01:30]} 23. Rxa4 {[%emt 0:00:30]} cxd3 {[%emt 0:00:30]} 24. cxd3 {[%emt 0:00:00]} Rc2 {[%emt 0:00:30]} 25. Bf4 {[%emt 0:00:00]} Bc5 {[%emt 0:01:30]} 26. b4 {[%emt 0:04:30]} Bb6 {[%emt 0:09:27]} 27. Bb8 {[%emt 0:01:30]} Rc3 {[%emt 0:02:18]} 28. Bxa7 {[%emt 0:00:30]} Bxa7 {[%emt 0:00:12]} 29. Rxa7 {[%emt 0:00:30]} Rxd3 {[%emt 0:00:16]} 30. Bc6 {[%emt 0:01:30]} Rd1+ {[%emt 0:00:30]} 31. Kg2 {[%emt 0:00:30]} Kf8 {[%emt 0:00:30]} 32. Ra8 {[%emt 0:00:30]} Re1 {[%emt 0:00:30]} 33. Kf3 {[%emt 0:00:30]} d3 {[%emt 0:00:30]} 34. Rxe8+ {[%emt 0:00:30]} Rxe8 {[%emt 0:00:00]} 35. Bxe8 {[%emt 0:00:00]} Kxe8 {[%emt 0:00:00]} 36. Ke3 {[%emt 0:00:00]} 1-0

[Event "Mentese Flowers WGM Chess-ch 2022"]
[Site "Mentese-Mugla"]
[Date "2022.02.06"]
[Round "2.3"]
[White "Kirilmaz, Emre"]
[Black "Boshra, Alshaeby"]
[Result "1-0"]
[WhiteElo "2229"]
[BlackElo "1911"]
[Annotator "TA"]
[PlyCount "97"]
[EventDate "2022.02.06"]
[EventCountry "TUR"]
[SourceTitle "playchess.com"]
[Source "ChessBase"]
[SourceQuality "1"]

{[%evp 13,97,0,0,-7,1,-12,0,-36,-38,-32,7,0,74,60,68,0,0,-28,-20,-20,106,134,115,25,47,49,60,52,54,54,122,70,71,61,65,59,81,80,80,77,76,70,92,75,147,133,131,127,170,158,258,182,185,191,180,169,180,167,502,503,490,478,463,415,409,390,374,381,563,557,545,552,537,490,954,954,941,925,2160,2197,1851,1860,1784,1607,29996,1322]} 1. d4 Nf6 2. Nf3 g6 3. Bg5 Bg7 4. Nbd2 O-O 5. c3 d6 6. e4 c5 7. dxc5 dxc5 8. Bc4 {A48: 1 d4 Nf6 2 Nf3 g6: Torre, London and Colle Systems.} h6 9. Bh4 Nh5 {[#]} 10. Bg3 $146 {The position is equal.} (10. Nf1 $5 {[%cal Rd1d8]}) ({Predecessor:} 10. O-O Qc7 11. Re1 Nc6 12. Qc2 Bg4 13. Bg3 Nxg3 14. hxg3 g5 15. Be2 Bh5 16. Nc4 Bg6 {1-0 (49) Bogdanovich,S (2591)-Artemiev,V (2663) Baku 2016}) 10... Nc6 11. Qe2 a6 12. Qe3 b6 (12... Na5 $11) 13. O-O-O {Black must now prevent Bd5.} Bb7 14. e5 (14. Bd5 $1 $14) 14... Na5 $11 15. e6 f5 {next ...f4 is good for Black.} 16. Be5 Nf6 (16... Bxf3 $11 {remains equal.} 17. Bxg7 Kxg7 18. Qxf3 Qc7) 17. Bxf6 $16 {White is more active.} Rxf6 {[#]} 18. Ne4 $1 {[%mdl 512]} fxe4 (18... Bxe4 19. Rxd8+) 19. Rxd8+ Rxd8 20. Nd2 Nxc4 21. Nxc4 Rxe6 ({Black should play} 21... Rd3 $14 22. Qe2 h5) 22. Rd1 ({White should try} 22. Qg3 $16 {Strongly threatening Qc7.} Rf8 23. Rd1) 22... Rxd1+ $14 23. Kxd1 Bd5 24. Nd2 {[%cal Bc4d2,Bd2f1,Bf1e3][%mdl 1056] White has compensation.} c4 {Black is on the road to losing.} 25. Qf4 b5 26. Qb8+ Kf7 27. Nf1 Be5 28. Qa7 e3 (28... Bf4 $142) 29. Nxe3 $16 Be4 {[#]} 30. g3 $1 {[%cal Bg2g3,Bg3g4,Bg4g5][%mdl 32]} Bf3+ (30... Rc6 $16) 31. Kc1 $18 Rd6 (31... Rc6 $16 32. h3 h5) 32. Qc5 Bf6 33. a4 Bc6 34. f4 {[%cal Bf2f4,Bf4f5][%mdl 32]} h5 35. g4 h4 $2 (35... hxg4 36. axb5 (36. Nxg4 Bf3 $16) 36... axb5) 36. g5 Bg7 37. f5 Bd7 38. f6 Bf8 39. fxe7 ({Not} 39. axb5 axb5 40. fxe7 Bxe7 $18) 39... Bxe7 {[%cal Od6d1] aiming for ...Rd1+!} 40. Qe5 h3 (40... Bc6 {is a better defense.} 41. Qf4+ Ke8 42. Qxh4 Re6) 41. Nd5 Bf8 42. Qf4+ Kg7 43. Nf6 Bc6 (43... Be7 $142 44. Nxd7 Rxd7 45. axb5 axb5 46. Qe5+ Kf7) 44. Qe5 {White wants to mate with Nd7+.} Kf7 45. Ng4 {Hoping for Nh6+.} Be7 46. Nh6+ Ke8 47. Ng8 {[%csl Gg8][%cal Re5e7]} Rd7 48. Qe6 {[%csl LRc6,LRg6,LRh3]} Rc7 49. Nxe7 {Weighted Error Value: White=0.11 (very precise) /Black=0.60} (49. Nf6+ $142 Kd8 50. Qg8+ Bf8 51. Qxf8+ Be8 52. Qxe8#) 1-0

[Event "Mentese Flowers WGM Chess-ch 2022"]
[Site "Mentese-Mugla"]
[Date "2022.02.07"]
[Round "3.1"]
[White "Hekimoglu, Mihriban"]
[Black "Darban, Morteza"]
[Result "0-1"]
[WhiteElo "1479"]
[BlackElo "2263"]
[Annotator "TA"]
[PlyCount "52"]
[EventDate "2022.02.06"]
[EventCountry "TUR"]
[SourceTitle "playchess.com"]
[Source "ChessBase"]
[SourceQuality "1"]

{[%evp 18,51,0,0,0,0,0,2,7,0,17,0,-4,-150,-132,-181,-145,-136,-136,-181,-122,-225,-224,-254,-242,-372,-374,-407,-387,-530,-518,-919,-921,-29996,-29997,-29999]} 1. e4 c5 2. Nf3 Nc6 3. d4 cxd4 4. Nxd4 Nf6 5. Nc3 d6 {[%cal Bd7d6,Bd6d5][%mdl 32]} 6. Be2 g6 7. Be3 Bg7 8. f3 O-O 9. Qd2 d5 10. O-O-O dxe4 {B76: Sicilian Dragon: Yugoslav Attack, 9 g4 and 9 0-0-0.} 11. Nxc6 Qxd2+ 12. Rxd2 (12. Kxd2 bxc6 13. fxe4 Ng4 $15) 12... bxc6 {The position is equal.} 13. fxe4 Be6 {[#]} 14. Rhd1 $146 ({Predecessor:} 14. b3 Ng4 15. Bxg4 Bxg4 16. Na4 Rfd8 17. h3 Rxd2 18. Bxd2 Bc8 19. Bc3 Bh6+ 20. Kb2 {1-0 (58) Santos,A (1722)-Felix,R (1900) Goiania 2018}) 14... Ng4 15. Bg5 (15. Bxg4 $11 {keeps the balance.} Bxc3 16. bxc3 Bxg4 17. Re1) 15... Nf2 {Threatens to win with ...Bxc3.} 16. Bxe7 (16. Rf1 $17 Bxc3 17. Rxf2 Bxd2+ 18. Bxd2) 16... Nxd1 17. Rxd1 Rfe8 18. Bc5 (18. Bd6 $17) 18... a5 ({Black should play} 18... Bxc3 $19 19. bxc3 Bxa2) 19. Na4 {[#]} (19. Bd3 $17 {is a better defense.}) 19... Bf5 $1 $19 {[%mdl 512]} 20. Nb6 (20. Nc3 Bxc3) 20... Rab8 ({Not} 20... Rxe4 21. Nxa8 Bh6+ 22. Kb1 Rxe2 23. Rd8+ Bf8 24. Rxf8+ $11) 21. Bc4 (21. exf5 {was called for.} Rxe2 22. fxg6) 21... Rxe4 22. Bd3 Rd8 23. Rf1 Re5 24. Bxf5 (24. Rxf5 $142 Bh6+ 25. Kd1 Rxf5 26. Be7) 24... Rxf5 25. Rxf5 Bh6+ (25... gxf5 $2 {loses.} 26. a4 $19) 26. Kb1 Rd1# {Weighted Error Value: White=1.08/Black=0.12 (very precise)} 0-1

[Event "Mentese Flowers WGM Chess-ch 2022"]
[Site "Mentese-Mugla"]
[Date "2022.02.07"]
[Round "3.2"]
[White "Ince, Safiye Oyku"]
[Black "Kirilmaz, Emre"]
[Result "1/2-1/2"]
[WhiteElo "1893"]
[BlackElo "2229"]
[Annotator "TA"]
[PlyCount "96"]
[EventDate "2022.02.06"]
[EventCountry "TUR"]
[SourceTitle "playchess.com"]
[Source "ChessBase"]
[SourceQuality "1"]

{[%evp 9,96,54,58,66,72,65,90,98,91,90,96,91,116,114,108,115,152,152,268,277,258,262,325,299,315,181,184,195,191,189,202,160,168,161,199,0,214,212,298,41,51,60,161,146,103,117,120,78,204,210,270,246,269,0,0,0,0,0,0,0,0,0,0,0,0,0,0,0,10,0,0,0,0,0,0,0,0,0,38,33,93,91,144,169,264,283,483,379,278]} 1. e4 g6 2. d4 Bg7 3. Nc3 a6 4. f4 {[%cal Bf2f4,Bf4f5][%mdl 32]} b5 5. Nf3 Bb7 6. Bd3 {B06: Modern Defence.} e6 7. O-O Ne7 {[#]} 8. f5 $146 {White is better.} ({Predecessor:} 8. e5 O-O 9. Ne4 Bxe4 10. Bxe4 Nbc6 11. a4 d5 12. exd6 cxd6 13. c3 d5 14. Bd3 {½-½ (37) Fingerov,D (2350)-Starosek,K (2488) chessassistantclub.com INT 2004}) 8... O-O 9. Bg5 {Strongly threatening f6.} f6 10. Be3 Qe8 {[%cal Re6f5]} 11. Qd2 {White is more active.} exf5 12. exf5 Bxf3 13. Rxf3 (13. gxf3 $6 Qf7 $14) 13... Nxf5 (13... Nbc6 $16 {was necessary.} 14. a4 Qf7) 14. Bxf5 $18 gxf5 15. Bh6 ({Don't do} 15. Rxf5 Nc6 $16) 15... Rf7 16. Bxg7 (16. Rxf5 Nc6 $16) 16... Kxg7 17. Rg3+ ({Less strong is} 17. Rxf5 Nc6 18. Re1 Ne7 $16) (17. Nd5 $142) 17... Kh8 18. Nd5 Qf8 19. Nxc7 Ra7 20. Qf4 Nc6 21. Nd5 Ra8 22. Nc7 $2 (22. Re1 $18) 22... Rc8 $2 (22... Ra7 $1 $11 {and Black stays safe.}) 23. Nxa6 Re7 {[#]} (23... d6 $142 24. c3 Ra8) 24. Re3 $2 (24. c3 $1 $18) 24... Rxe3 $14 25. Qxe3 {aiming for c3.} Re8 (25... Nb4 $1 $14 26. Nxb4 Qxb4) 26. Qd2 Re4 27. c3 {Threatens to win with Nc5.} Qe7 28. Kf2 ({White should play} 28. Kf1) 28... Qd6 (28... d6 $16) 29. Nc5 $18 Rf4+ 30. Kg1 Rh4 {[#]} 31. g3 $2 (31. h3 $1 $18) 31... Nxd4 $1 $11 32. cxd4 Rxd4 33. Qh6 {And now Nb3 would win.} Qxc5 34. Qxf6+ {[%mdl 4096] Endgame KQR-KQR} Kg8 35. Qg5+ Kf8 36. Qh6+ Ke8 {( -> ...Rd2+)} 37. Qe3+ ({Reject} 37. Qh5+ Kd8 38. Kf1 Qd5 $17) 37... Kd8 {[%cal Od4d1] Hoping for ...Rd1+!} 38. Re1 {Inhibits Rd1.} Kc8 39. a3 Kb7 40. b4 Qb6 41. Qf2 Ka6 42. Kg2 Qc6+ 43. Kg1 Rd3 44. Qxf5 Rxa3 (44... Qd6 $14) 45. Qxh7 $16 Qb6+ (45... Qd6 $142) 46. Kh1 Qf2 (46... Qd6 $142) 47. Qe4 $18 Ra2 $2 (47... Kb6 {was worth a try.} 48. Qe5 Qf3+ 49. Kg1 Qc3) 48. Qa8+ Kb6 {[%mdl 32768] Weighted Error Value: White=0.25 (precise) /Black=0.35. An unexpected result.} 1/2-1/2

[Event "Mentese Flowers WGM Chess-ch 2022"]
[Site "Mentese-Mugla"]
[Date "2022.02.07"]
[Round "3.4"]
[White "Hereklioglu, Sude"]
[Black "Sibashvili, Giorgi"]
[Result "0-1"]
[WhiteElo "1924"]
[BlackElo "2399"]
[Annotator "TA"]
[PlyCount "68"]
[EventDate "2022.02.06"]
[EventCountry "TUR"]
[SourceTitle "playchess.com"]
[Source "ChessBase"]
[SourceQuality "1"]

{[%evp 13,68,-10,-8,-27,-27,-22,-20,-43,-38,-28,-30,-38,-4,-36,-10,-28,0,-81,0,0,0,-32,-45,-54,-54,-38,-38,-55,-38,-39,-50,-57,16,-52,6,-37,-45,-47,-44,-78,-50,-120,-115,-615,-598,-698,-693,-1087,-752,-681,-588,-617,-583,-1510,-873,-1294,-1237]} 1. c4 e6 2. g3 Nf6 3. Bg2 d5 4. Nf3 Be7 5. O-O O-O 6. cxd5 exd5 7. d4 c6 8. b3 {E06: Closed Catalan: Early deviations.} Bf5 9. Bb2 Nbd7 {[#]} 10. Ne5 $146 {The position is equal.} ({Predecessor:} 10. Nc3 Re8 11. Rc1 Bd6 12. Nh4 Be6 13. Qd2 Nb6 14. Rfe1 Qd7 15. e4 dxe4 16. Nxe4 Nxe4 17. Bxe4 {½-½ (53) Artigas Isart,M (2275)-Garcia Ilundain,D (2550) Spain 1999}) 10... Nxe5 11. dxe5 Nd7 12. Nd2 Qc7 13. f4 f6 {[%cal Rf6e5]} 14. e4 dxe4 15. g4 {[#]} (15. Bxe4 $11 Bxe4 16. Nxe4) 15... e3 16. gxf5 $11 {aiming for Nc4.} exd2 17. e6 Nc5 {[%cal Bd7c5,Bc5d3,Bd3c1][%mdl 32]} 18. Qxd2 Rad8 19. Qe2 Nd3 20. Bc1 Nxc1 21. Raxc1 Qa5 22. Qg4 Qxa2 (22... Rd2 $15) 23. Rc3 (23. Kh1 $1 $11) 23... Rfe8 (23... Qa5 $1 $15 24. Rh3 (24. Rg3 Bc5+ 25. Kh1 Qc7 $17) 24... Bc5+ 25. Kh1 Qc7) 24. Rh3 (24. Kh1 $11) 24... Bc5+ $15 25. Kh1 Re7 $1 26. Qh5 h6 {Active counter play!} 27. Qg6 (27. Qg4 $15 Rd2 28. b4) 27... Kh8 $17 28. Rxh6+ $2 {[%mdl 8192] This costs White the game.} gxh6 $19 {Black is clearly winning.} 29. Qxf6+ Kg8 {[#] ...Rd2 is the strong threat.} 30. Rg1 {Hoping for Qg6+.} Qf2 {[%csl Gc5][%cal Rf2g1]} 31. Rf1 Qd4 32. Qxh6 Rf8 {Inhibits f6.} 33. Bf3 Rh7 34. Qg5+ Rg7 {Weighted Error Value: White=0.96/Black=0.55} 0-1

[Event "Mentese Flowers WGM Chess-ch 2022"]
[Site "Mentese-Mugla"]
[Date "2022.02.07"]
[Round "3.5"]
[White "Haussernot, Cecile"]
[Black "Huseyinoglu, Alihan"]
[Result "1-0"]
[WhiteElo "2155"]
[BlackElo "2312"]
[Annotator "TA"]
[PlyCount "51"]
[EventDate "2022.02.06"]
[EventCountry "TUR"]
[SourceTitle "playchess.com"]
[Source "ChessBase"]
[SourceQuality "1"]

{[%evp 26,51,40,38,71,57,221,219,213,214,189,119,139,137,141,140,139,142,121,97,337,353,1096,928,1927,1837,2575,2415]} 1. e4 c5 2. Nf3 Nc6 3. Nc3 d6 4. d4 cxd4 5. Nxd4 Nf6 6. Bg5 e6 7. Qd2 a6 8. O-O-O Bd7 9. f4 h6 10. Bh4 Nxe4 11. Qe1 Nf6 12. Nf5 Qa5 13. Nxd6+ Bxd6 14. Rxd6 Qc7 {B67: Sicilian: Richter-Rauzer: 7...a6 8 0-0-0 Bd7, lines without 9 f4 Be7.} 15. Rd2 {Strongly threatening Bxf6.} Ne7 $2 (15... O-O-O $14) 16. Bxf6 $18 gxf6 {White is clearly better.} 17. Ne4 $1 {[#]} Qxf4 $146 {[#]} ({Predecessor:} 17... Ng8 18. f5 e5 19. Bc4 Rh7 20. Nd6+ Kf8 21. Qg3 Bxf5 22. Nxf5 Qxc4 23. Qa3+ {1-0 (23) Opl,K (2207)-Mashayekh,M (1875) Mali Losinj 2019}) 18. Bxa6 $1 {[%mdl 512]} Bc6 $16 (18... bxa6 $2 19. Rf1 Qxe4 20. Qxe4 $18) 19. Nd6+ Kf8 {[#]} 20. Rf1 $1 Qg5 {[#]} 21. h4 $1 Qg6 22. Bc4 {White is much more active.} f5 $2 {[#]} (22... h5 $16) 23. g4 $1 $18 Rd8 $2 (23... Rh7 24. gxf5 Nxf5) 24. Qe5 {[%cal Rg4f5] White is clearly winning.} Rg8 25. gxf5 exf5 26. Nxf5 {Weighted Error Value: White=0.08 (flawless) /Black=0.86} 1-0

[Event "Mentese Flowers WGM Chess-ch 2022"]
[Site "Mentese-Mugla"]
[Date "2022.02.07"]
[Round "4.1"]
[White "Kirilmaz, Emre"]
[Black "Hekimoglu, Mihriban"]
[Result "1-0"]
[WhiteElo "2229"]
[BlackElo "1479"]
[Annotator "ChessBase"]
[PlyCount "57"]
[EventDate "2022.02.06"]
[EventCountry "TUR"]
[SourceTitle "playchess.com"]
[Source "ChessBase"]
[SourceQuality "1"]
[TimeControl "5400+30"]

1. d4 {[%emt 0:02:00]} d5 {[%emt 0:01:00]} 2. c3 {[%emt 0:00:30]} Nf6 {[%emt 0:00:00]} 3. Bg5 {[%emt 0:00:30]} Nbd7 {[%emt 0:00:00]} 4. Nf3 {[%emt 0:00:30]} e6 {[%emt 0:00:30]} 5. Nbd2 {[%emt 0:00:30]} h6 {[%emt 0:00:30]} 6. Bh4 {[%emt 0:01:30]} c5 {[%emt 0:00:00]} 7. e3 {[%emt 0:00:30]} Bd6 {[%emt 0:00:00]} 8. Bd3 {[%emt 0:00:30]} Qc7 {[%emt 0:01:30]} 9. Qe2 {[%emt 0:00:30]} c4 {[%emt 0:01:30]} 10. Bc2 {[%emt 0:00:00]} b5 {[%emt 0:02:30]} 11. e4 {[%emt 0:04:00]} dxe4 {[%emt 0:00:30]} 12. Nxe4 {[%emt 0:00:30]} Nxe4 {[%emt 0:00:30]} 13. Bxe4 {[%emt 0:01:30]} Rb8 {[%emt 0:00:00]} 14. O-O {[%emt 0:02:30]} g5 {[%emt 0:05:00]} 15. Bg3 {[%emt 0:00:00]} Bxg3 {[%emt 0:03:30]} 16. fxg3 {[%emt 0:01:00]} Bb7 {[%emt 0:05:30]} 17. Rae1 {[%emt 0:00:30]} Bxe4 {[%emt 0:07:30]} 18. Qxe4 {[%emt 0:00:30]} O-O {[%emt 0:05:30]} 19. Qg4 {[%emt 0:03:30]} Nf6 {[%emt 0:04:30]} 20. Qh3 {[%emt 0:00:30]} Kg7 {[%emt 0:00:30]} 21. Ne5 {[%emt 0:00:30]} h5 {[%emt 0:11:30]} 22. Re2 {[%emt 0:01:30]} Rh8 {[%emt 0:00:30]} 23. Ref2 {[%emt 0:00:30]} Rh6 {[%emt 0:00:30]} 24. g4 {[%emt 0:01:30]} Rf8 {[%emt 0:04:30]} 25. Qe3 {[%emt 0:01:30]} Nh7 {[%emt 0:02:30]} 26. h4 {[%emt 0:05:30]} f6 {[%emt 0:09:30]} 27. hxg5 {[%emt 0:00:30]} Nxg5 {[%emt 0:00:30]} 28. Qxg5+ {[%emt 0:00:00]} fxg5 {[%emt 0:00:30]} 29. Rxf8 {[%emt 0:00:00]} 1-0

[Event "Mentese Flowers WGM Chess-ch 2022"]
[Site "Mentese-Mugla"]
[Date "2022.02.07"]
[Round "4.2"]
[White "Al Khatib, Ahmad"]
[Black "Ince, Safiye Oyku"]
[Result "1-0"]
[WhiteElo "2219"]
[BlackElo "1893"]
[Annotator "TA"]
[PlyCount "49"]
[EventDate "2022.02.06"]
[EventCountry "TUR"]
[SourceTitle "playchess.com"]
[Source "ChessBase"]
[SourceQuality "1"]

{[%evp 21,49,72,72,67,73,77,116,106,156,128,129,116,137,126,144,151,194,170,342,318,588,566,948,798,1481,1485,2079,2014,2621,2271]} 1. e4 c5 2. Nf3 e6 3. d4 cxd4 4. Nxd4 Nc6 5. Nc3 Qc7 6. g4 {[%cal Bg2g4,Bg4g5][%mdl 32]} a6 7. Be3 d6 8. Qd2 Nf6 9. f3 Ne5 10. g5 Nfd7 11. f4 Nc4 12. Bxc4 {B80: Sicilian Scheveningen: 6 g3 and 6 Be3, including English Attack.} Qxc4 13. O-O-O Be7 14. Kb1 {White is better.} Qc7 {[#]} ({Black should try} 14... b5) 15. Qf2 $146 ({Predecessor:} 15. Nf5 exf5 16. Nd5 Qd8 17. exf5 f6 18. Bd4 {1-0 (27) Cebalo,M (2500)-Sawadkuhi,M (2228) Condino 2009}) 15... b5 16. Rhf1 {White is more active.} b4 17. Nce2 {[%cal Bc3e2,Be2g3,Bg3h5,Bh5f6][%mdl 32]} Nc5 {[#]} 18. Ng3 O-O {[#]} (18... Bb7 $16) 19. f5 $1 $18 exf5 (19... g6) 20. exf5 {f6 is the strong threat.} f6 $2 (20... Bd8 {was necessary.} 21. Nb3 Nxb3) 21. g6 {White is clearly winning.} h6 22. Nh5 {[%cal Oe3h6] Strongly threatening Bxh6! Pair of Knights!} Re8 {[#]} 23. Bxh6 $1 {[%mdl 512]} gxh6 (23... Nd3 24. Qe3) 24. Qf4 Bf8 25. Nxf6+ {Black got outplayed after the opening.  Weighted Error Value: White=0.06 (flawless) /Black=0.70} 1-0

[Event "Mentese Flowers WGM Chess-ch 2022"]
[Site "Mentese-Mugla"]
[Date "2022.02.07"]
[Round "4.3"]
[White "Sibashvili, Giorgi"]
[Black "Boshra, Alshaeby"]
[Result "1-0"]
[WhiteElo "2399"]
[BlackElo "1911"]
[Annotator "TA"]
[PlyCount "75"]
[EventDate "2022.02.06"]
[EventCountry "TUR"]
[SourceTitle "playchess.com"]
[Source "ChessBase"]
[SourceQuality "1"]

{[%evp 9,75,17,29,0,13,0,8,0,0,0,0,-12,0,-4,0,0,0,0,0,-2,0,0,0,-13,-20,-18,0,-95,-4,-4,0,0,0,0,0,0,0,0,40,33,43,57,110,106,107,99,133,139,336,325,329,328,295,328,330,323,424,397,507,496,565,557,773,743,810,789,661,618]} 1. d4 {Andreikin,D} Nf6 2. Bg5 g6 3. Bxf6 exf6 4. c4 Bb4+ 5. Nd2 {[#]} c6 $146 ({Predecessor:} 5... c5 6. a3 Bxd2+ 7. Qxd2 cxd4 8. Nf3 Nc6 9. Nxd4 Nxd4 10. Qxd4 Qa5+ 11. b4 Qe5 12. O-O-O {1-0 (44) Andreikin,D (2709)-Aronian,L (2830) Khanty-Mansiysk 2014 CBM 160 [Andreikin,D]}) 6. Ngf3 {A45: Trompowsky Attack.} d5 7. e3 O-O 8. Be2 {The position is equal.} dxc4 9. Bxc4 Nd7 {[%cal Bb8d7,Bd7b6,Bb6d5][%mdl 32]} 10. O-O Nb6 11. Bb3 Nd5 12. Rc1 Re8 13. a3 Ba5 14. Qc2 Kg7 15. Ba2 Bc7 16. Bxd5 Qxd5 17. e4 Qh5 18. d5 (18. Qc3 $11 {keeps the balance.}) 18... Bd7 (18... Bf4 $17 {aiming for ...Bg4.} 19. dxc6 bxc6 20. Qxc6 Bg4) 19. d6 $1 $11 Bxd6 20. Qd3 Bf4 21. Qxd7 Rad8 22. Qxb7 {[#] Strongly threatening Rc2.} Rxd2 23. Qxc6 Red8 {...R2d6 is the strong threat.} 24. Rc5 $36 {[%mdl 2048] White fights for an advantage.} Qh6 25. g3 R2d6 26. Qa4 $16 Qh3 27. Rd5 Qg4 {[#] White must now prevent ...Bxg3.} 28. Kg2 {Hoping for h3.} Bxg3 $2 {This costs Black the game.} (28... Qe6 $16 {is a better defense.} 29. Rfd1 Be5) 29. h3 $18 Qc8 30. fxg3 {[%cal Bf2g3,Bg3g4][%mdl 32]} Rxd5 31. exd5 Rxd5 32. Qxa7 Rh5 33. g4 Rc5 34. b4 {White is clearly winning.} Rc2+ 35. Rf2 Rc1 36. g5 Qc3 37. gxf6+ Qxf6 38. Qd4 {Weighted Error Value: White=0.08 (flawless) /Black=0.27 (precise)} 1-0